[Event "Montebelluna op-A 5th"]
[Site "Montebelluna"]
[Date "2007.03.11"]
[Round "4"]
[White "Cocozzi, Edoardo"]
[Black "Marson, Antonio"]
[Result "1-0"]
[WhiteElo "1830"]
[BlackElo "1862"]
[PlyCount "81"]
[EventDate "2007.03.09"]
[EventType "swiss"]
[EventRounds "5"]
[EventCountry "ITA"]
[SourceTitle "EXT 2008"]
[Source "ChessBase"]
[SourceDate "2007.11.25"]
[SourceVersion "1"]
[SourceVersionDate "2007.11.25"]
[SourceQuality "1"]

1. e4 c6 2. d4 d5 3. exd5 cxd5 4. Bd3 Nc6 5. c3 Nf6 6. h3 e6 7. Nf3 Be7 8. Bf4 Bd6 9. Bxd6 Qxd6 10. 0-0 0-0 11. Re1 Qc7 12. Qc2 Re8 13. Ne5 Ne7 14. Nd2 Ng6 15. Bxg6 hxg6 16. Ndf3 a6 17. Ng5 Rf8 18. Re3 Nh7 19. Nxh7 Kxh7 20. Rf3 Qe7 21. h4 f5 22. Rg3 Rf6 23. f3 Bd7 24. Qd2 Rh8 25. Qg5 Be8 26. Kf2 Kg8 27. Rh1 Rh5 28. Qf4 Qd8 29. Rg5 Qb6 30. b4 a5 31. Qg3 Kh7 32. Nd3 Qd8 33. Nf4 Rh6 34. h5 Qb6 35. hxg6+ Kg8 36. Rxh6 gxh6 37. Qh4 Qc7 38. Qxh6 Qg7 39. Qxg7+ Kxg7 40. Nh5+ Kh6 41. Nxf6 1-0

[Event "Montebelluna op-A 5th"]
[Site "Montebelluna"]
[Date "2007.03.11"]
[Round "5"]
[White "Dussin, Davide"]
[Black "Cocozzi, Edoardo"]
[Result "1-0"]
[WhiteElo "2011"]
[BlackElo "1830"]
[PlyCount "113"]
[EventDate "2007.03.09"]
[EventType "swiss"]
[EventRounds "5"]
[EventCountry "ITA"]
[SourceTitle "EXT 2008"]
[Source "ChessBase"]
[SourceDate "2007.11.25"]
[SourceVersion "1"]
[SourceVersionDate "2007.11.25"]
[SourceQuality "1"]

1. d4 d5 2. c4 e6 3. Nc3 Nf6 4. Bg5 c6 5. Nf3 Nbd7 6. e3 Bb4 7. Bd3 Qa5 8. Bxf6 Nxf6 9. Qc2 dxc4 10. Bxc4 Nd5 11. Rc1 Bd7 12. 0-0 Bxc3 13. bxc3 0-0 14. Bd3 g6 15. Ne5 Rfd8 16. h4 c5 17. h5 cxd4 18. exd4 Nf4 19. hxg6 hxg6 20. Bc4 Rab8 21. g3 Ba4 22. Qb2 Nd5 23. Qd2 Kg7 24. Qg5 Be8 25. Ng4 f5 26. Qh6+ Kf7 27. Qh7+ Kf8 28. Bxd5 Qxd5 29. Qh8+ Ke7 30. Qf6+ Kd7 31. c4 Qd6 32. Qg7+ Kc8 33. Ne5 Qc7 34. Qf6 Qh7 35. Qxe6+ Kc7 36. c5 Rxd4 37. Rfd1 Rxd1+ 38. Rxd1 Rd8 39. Rd6 Rxd6 40. cxd6+ Kd8 41. Qf6+ Kc8 42. Qf8 Kd8 43. d7 Qe7 44. dxe8Q+ Qxe8 45. Qxe8+ Kxe8 46. Nxg6 Kf7 47. Ne5+ Kf6 48. Nd3 a5 49. Kf1 b5 50. Ke2 Ke6 51. f3 Kd5 52. Kd2 Kc4 53. Kc2 a4 54. g4 fxg4 55. fxg4 b4 56. Nxb4 Kd4 57. Nd3 1-0

[Event "Montebelluna op-A 5th"]
[Site "Montebelluna"]
[Date "2007.03.10"]
[Round "2"]
[White "Sottroi, Carlo"]
[Black "Cocozzi, Edoardo"]
[Result "1-0"]
[WhiteElo "2010"]
[BlackElo "1830"]
[PlyCount "61"]
[EventDate "2007.03.09"]
[EventType "swiss"]
[EventRounds "5"]
[EventCountry "ITA"]
[SourceTitle "EXT 2008"]
[Source "ChessBase"]
[SourceDate "2007.11.25"]
[SourceVersion "1"]
[SourceVersionDate "2007.11.25"]
[SourceQuality "1"]

1. e4 e5 2. Nf3 Nc6 3. Bc4 Bc5 4. c3 d6 5. 0-0 Bg4 6. Qb3 Bxf3 7. Bxf7+ Kf8 8. gxf3 Qg5+ 9. Kh1 Qh4 10. Bxg8 Rxg8 11. Qe6 Bxf2 12. Kg2 Bb6 13. f4 exf4 14. d4 g5 15. Nd2 Rg6 16. Qf5+ Kg8 17. Nf3 Qh6 18. Qd5+ Kh8 19. Kh1 g4 20. Bxf4 Qxf4 21. Nh4 Qh6 22. Nxg6+ hxg6 23. Qf7 Rg8 24. Rf4 g3 25. Qf6+ Kh7 26. Rh4 gxh2 27. Rxh6+ Kxh6 28. Rf1 Kh5 29. Rf2 g5 30. Rxh2+ Kg4 31. Qe6+ 1-0